Piloti Vincitori dei Gran Premi di Formula 1 2005 - Statistics

Statistiche generali
  • Questo quiz è stato fatto 40 volte
  • Il punteggio medio è 16 su 19
Statistiche sulle risposte
Gran Premio Vincitore % Corretto
Gran Premio degli Stati Uniti d'America Michael Schumacher
97%
Gran Premio della Malesia Fernando Alonso
94%
Gran Premio del Bahrain Fernando Alonso
94%
Gran Premio di San Marino Fernando Alonso
94%
Gran Premio d'Europa Fernando Alonso
94%
Gran Premio di Francia Fernando Alonso
94%
Gran Premio di Germania Fernando Alonso
94%
Gran Premio di Cina Fernando Alonso
94%
Gran Premio di Spagna Kimi Räikkönen
89%
Gran Premio di Monaco Kimi Räikkönen
89%
Gran Premio del Canada Kimi Räikkönen
89%
Gran Premio d'Ungheria Kimi Räikkönen
89%
Gran Premio di Turchia Kimi Räikkönen
89%
Gran Premio del Belgio Kimi Räikkönen
89%
Gran Premio del Giappone Kimi Räikkönen
89%
Gran Premio d'Australia Giancarlo Fisichella
74%
Gran Premio di Gran Bretagna Juan Pablo Montoya
60%
Gran Premio d'Italia Juan Pablo Montoya
60%
Gran Premio del Brasile Juan Pablo Montoya
60%
Nessun quiz corrispondente trovato
Distribuzione punteggi
Percentuale di utenti per punteggio
Percentile per numero di risposta
I tuoi punteggi nel tempo
Non hai fatto questo quiz